00513nam a2200181Ia 4500003000400000008004100004040001600045082001500061100002200076245004300098700003000141260005200171300001100223490002500234650001700259650003400276650002100310GCL140319s9999 xx 000 0 ara d aGCL / cGCL04a404bغ س1 aغيرو بيار10aالسيمياء / cغيرو بيار1 aانطوان ابوزيد a[S.N] : bمنشورات عويدان ، c1984 a142 ص aزدنى علماv004aاللغات04aالاصوات اللغوية04aالاشارات